Normal view
MARC view
Entry Personal Name
001 - CONTROL NUMBER
- control field: 775418
003 - CONTROL NUMBER IDENTIFIER
- control field: OSt
005 - DATE AND TIME OF LATEST TRANSACTION
- control field: 20250508163457.0
008 - FIXED-LENGTH DATA ELEMENTS
- fixed length control field: 250508|| aca||aabn | a|a d
040 ## - CATALOGING SOURCE
- Original cataloging agency: OSt
- Transcribing agency: OSt
100 ## - HEADING--PERSONAL NAME
- Personal name: Santhi Devi R R
670 ## - SOURCE DATA FOUND
- Source citation: Work cat.: (OSt)1383550: Santhi Devi R R, Study of the concept of a university as reflected by the Buddhist monasteries of India, 1992
